01078nam a2200241 a 450000100060000000300090000600800410001504000280005608200170008410000310010124500370013226000340016930000090020359001250021265000460033765000440038365000540042765000540048194200120053599900170054795201390056495201330070320348CO-ViMGA141112s2004 ck r 000 u spa d aCO-ViMGAbspacCO-ViMGA04a341.57 V156m1 aValois Arce, Daniel92938210aLos Monjes : bUn mito trágico aMedellín : bLealon, c1981 a222p aForma de adquisición : Donación Banco de la República - - Precio : 20000 - - Fecha de adquisición : Febrero 200514aAGUAS JURISDICCIONALES - VENEZUELA92938314aAGUAS JURISDIICONALES - COLOMBIA92938414aCOLOMBIA RELACIONES ESTERIORES - VENEZUELA92938514aVENEZUELA RELACIONES EXTERIORES - COLOMBIA914347 2ddccBK c29356d29356 00102ddc40708002aMEVIECARbMEVIECARd2015-12-04h11/jun/2009l0o341.57 V156m p20348r2015-12-04 00:00:00tEj. 1w2015-12-04yBK 00102lcc40708GENaMEPCONCObMEPCONCOcGENd2026-02-05l0o341.57 V156mpPCON00735r2026-02-05 21:54:39tEj.1w2026-02-05yBK